[Event "GER-chT U20"]
[Site "Osnabrueck"]
[Date "2011.12.27"]
[Round "2.6"]
[White "Bonenberger, Pablo Jeremias"]
[Black "Hort, Max"]
[Result "1-0"]
[WhiteElo "1665"]
[BlackElo "1838"]
[PlyCount "79"]
[EventDate "2011.12.27"]
[EventType "team-swiss"]
[EventRounds "7"]
[EventCountry "GER"]
[SourceTitle "CBM 146 Extra"]
[Source "ChessBase"]
[SourceDate "2012.02.29"]
[SourceVersion "1"]
[SourceVersionDate "2012.02.29"]
[SourceQuality "1"]
[WhiteTeam "Bebenhausen"]
[BlackTeam "Hamburg Koenigsspringer"]
[WhiteTeamCountry "GER"]
[BlackTeamCountry "GER"]

1. e4 e6 2. d4 d5 3. exd5 exd5 4. Nf3 Bd6 5. c4 Bf5 6. Nc3 Nf6 7. Bg5 Qe7+ 8. Qe2 Qxe2+ 9. Bxe2 Nbd7 10. 0-0 0-0-0 11. Nb5 Kb8 12. Nxd6 cxd6 13. Bf4 Nb6 14. c5 Nc8 15. h3 Rhe8 16. Bb5 Bd7 17. a4 Ne4 18. Rfc1 Ka8 19. b4 Ne7 20. Bxd7 Rxd7 21. b5 f6 22. cxd6 Nxd6 23. Bxd6 Rxd6 24. Rc7 Kb8 25. Rac1 Re6 26. Kf1 Re4 27. Rd7 Rc8 28. Re1 Rc7 29. Rd8+ Rc8 30. Rxc8+ Nxc8 31. Rxe4 dxe4 32. Nd2 Nd6 33. Ke2 Kc7 34. Ke3 f5 35. g4 g6 36. gxf5 gxf5 37. f3 exf3 38. Kxf3 a6 39. bxa6 bxa6 40. Kf4 1-0

[Event "GER-chT U16"]
[Site "Verden an der Aller"]
[Date "2009.12.27"]
[Round "1.4"]
[White "Myagkov, Kirill"]
[Black "Bonenberger, Pablo Jeremias"]
[Result "1-0"]
[WhiteElo "1786"]
[BlackElo "1820"]
[PlyCount "77"]
[EventDate "2009.12.27"]
[EventType "team-swiss"]
[EventRounds "7"]
[EventCountry "GER"]
[SourceTitle "EXT 2022"]
[Source "ChessBase"]
[SourceDate "2021.10.06"]
[SourceVersion "1"]
[SourceVersionDate "2021.10.06"]
[SourceQuality "1"]
[WhiteTeam "Nuernberg Noris Tarrasch U16"]
[BlackTeam "Bebenhausen U16"]
[WhiteTeamCountry "GER"]
[BlackTeamCountry "GER"]

1. e4 c5 2. Nc3 Nc6 3. g3 g6 4. Bg2 Bg7 5. f4 e6 6. d3 Nge7 7. Be3 d6 8. Nf3 Nd4 9. Rb1 Nec6 10. Ne2 e5 11. c3 Nxf3+ 12. Bxf3 Bh3 13. fxe5 Nxe5 14. Nf4 Nxf3+ 15. Qxf3 Bd7 16. 0-0 0-0 17. d4 cxd4 18. Bxd4 Bxd4+ 19. cxd4 f5 20. Qb3+ Rf7 21. Qxb7 fxe4 22. Qd5 Qe8 23. Rbe1 Bc6 24. Qxd6 Rd8 25. Qc5 e3 26. d5 Ba8 27. Rxe3 Qa4 28. Rfe1 Qd7 29. Re5 Rxf4 30. gxf4 Qg4+ 31. Kf1 Qxf4+ 32. Qf2 Qc4+ 33. Kg1 Qg4+ 34. Qg3 Qd4+ 35. Qf2 Qg4+ 36. Kh1 Bxd5+ 37. Rxd5 Rxd5 38. Re8+ Kg7 39. Qf8# 1-0

[Event "Einhausen op"]
[Site "Einhausen"]
[Date "2009.??.??"]
[Round "1"]
[White "Bonenberger, Pablo Jeremias"]
[Black "Simenon, Jozef"]
[Result "0-1"]
[WhiteElo "1800"]
[BlackElo "2220"]
[PlyCount "119"]
[EventDate "2009.??.??"]
[EventType "swiss"]
[EventRounds "7"]
[EventCountry "GER"]
[SourceTitle "EXT 2011"]
[Source "ChessBase"]
[SourceDate "2010.11.26"]
[SourceVersion "1"]
[SourceVersionDate "2010.11.26"]
[SourceQuality "1"]

1. e4 c5 2. d4 cxd4 3. c3 d3 4. Bxd3 Nc6 5. c4 g6 6. Nc3 Bg7 7. Nf3 Nf6 8. 0-0 0-0 9. Bf4 d6 10. h3 Nd7 11. Rc1 Nc5 12. b3 Qa5 13. Qd2 Be6 14. Bb1 Rac8 15. Rfe1 Rfd8 16. Nd5 Qxd2 17. Bxd2 f6 18. Be3 Kf7 19. Nd4 Nxd4 20. Bxd4 b6 21. Rcd1 Bd7 22. f4 e6 23. Ne3 Bc6 24. Ng4 h5 25. Nf2 Bh6 26. f5 e5 27. fxg6+ Kxg6 28. Be3 Ne6 29. Nh1 h4 30. Nf2 Bxe3 31. Rxe3 Nd4 32. Ng4 Bd7 33. Nf2 Kf7 34. Nd3 Rg8 35. Ne1 Ke7 36. Nc2 Ne6 37. Kf1 Nf4 38. Rd2 b5 39. Na3 bxc4 40. Nxc4 Bb5 41. Bd3 Nxd3 42. Rexd3 Rxc4 43. bxc4 Bxc4 44. Kf2 Bxd3 45. Rxd3 Ke6 46. Ra3 Rg7 47. Ra6 Rd7 48. Ke3 f5 49. Kf3 fxe4+ 50. Kxe4 Rg7 51. Kf3 Rc7 52. Ra4 Kf5 53. Ra5 Rc3+ 54. Kf2 Kf4 55. Rxa7 Rc2+ 56. Kf1 e4 57. Ra4 d5 58. Rd4 Ke3 59. Rd1 Rxa2 60. Re1+ 0-1